| 000 | 00636nam a2200205Ia 4500 | ||
|---|---|---|---|
| 005 | 20250507130324.0 | ||
| 008 | 008 250505s9999 xx 000 0 eng d | ||
| 037 | _aAnnuals, Advances | ||
| 040 |
_aEASL _beng _cEASL |
||
| 041 |
_aeng _2eng |
||
| 084 |
_aV41,8:594.N7, L3 _qEASL |
||
| 100 |
_aWhitson Willian W _9654919 |
||
| 245 | 0 | _aChines high command : A history of communist military politics 1927-71 | |
| 260 |
_aUK _bUnited Kingdom Praeger Publisher Inc 1973 _c1973 |
||
| 300 | _a638p. | ||
| 365 | _b200.00 | ||
| 650 | _aCEL | ||
| 942 |
_cTEXL _hV41,8:594.N7, L3 |
||
| 999 |
_c1318994 _d1318994 |
||